The pigments and mediums of the old masters (Record no. 4938)

MARC details
000 -CABECERA
campo de control de longitud fija 00845nam a2200253 a 4500
001 - NÚMERO DE CONTROL
campo de control BRCA_5244
005 - FECHA Y HORA DE LA ÚLTIMA TRANSACCIÓN
campo de control 20190320205012.0
008 - DATOS DE LONGITUD FIJA--INFORMACIÓN GENERAL
campo de control de longitud fija 301110s1914----enka######---#000-0#eng-#
041 ## - CÓDIGO DE LENGUA
Código de lengua del texto/banda sonora o título independiente eng
044 ## - CÓDIGO DEL PAÍS DE LA ENTIDAD EDITORA/PRODUCTORA
Código MARC del país enk
050 #4 - SIGNATURA TOPOGRÁFICA DE LA BIBLIOTECA DEL CONGRESO
Número de clasificación ND1471
Número de documento/Ítem .L38 1914
100 1# - ENTRADA PRINCIPAL--NOMBRE DE PERSONA
Nombre de persona Laurie, Arthur Pillans
9 (RLIN) 7517
245 10 - MENCIÓN DE TÍTULO
Título The pigments and mediums of the old masters
Resto del título with a special chapter on the microphotographic study of brushwork
Mención de responsabilidad, etc. by A.P. Laurie.
260 ## - PUBLICACIÓN, DISTRIBUCIÓN, ETC.
Lugar de publicación, distribución, etc. Londres
Nombre del editor, distribuidor, etc. Macmillan
Fecha de publicación, distribución, etc. 1914
300 ## - DESCRIPCIÓN FÍSICA
Extensión xiv, 192 p.
Otras características físicas il., 34 láminas
Dimensiones 24 cm.
500 ## - NOTA GENERAL
Nota general Incluye lista de ilustraciones, lista de tablas, lista cronológica de manuscritos e índice alfabético
500 ## - NOTA GENERAL
Nota general Edición con cantos dorados
500 ## - NOTA GENERAL
Nota general E64
650 14 - PUNTO DE ACCESO ADICIONAL DE MATERIA--TÉRMINO DE MATERIA
Término de materia o nombre geográfico como elemento de entrada Pintura
Subdivisión general Técnica
9 (RLIN) 1564
650 14 - PUNTO DE ACCESO ADICIONAL DE MATERIA--TÉRMINO DE MATERIA
Término de materia o nombre geográfico como elemento de entrada Color
9 (RLIN) 13437
650 14 - PUNTO DE ACCESO ADICIONAL DE MATERIA--TÉRMINO DE MATERIA
Término de materia o nombre geográfico como elemento de entrada Pigmentos
9 (RLIN) 7518
902 ## - CATALOGADOR
Iniciales GFM
942 ## - ELEMENTOS DE PUNTO DE ACCESO ADICIONAL (KOHA)
Fuente del sistema de clasificación o colocación Library of Congress Classification
Tipo de ítem Koha Libros
Holdings
Estado de retiro Estado de pérdida Estado dañado No para préstamo Localización permanente Ubicación/localización actual Fecha de adquisición Número de inventario Total de préstamos Signatura topográfica completa Código de barras Fecha visto por última vez Precio válido a partir de Tipo de ítem Koha
El ejemplar forma parte de la colección y puede ser consultado según las políticas vigentes.       Biblioteca del Museo Franz Mayer (Rogerio Casas-Alatriste) Biblioteca del Museo Franz Mayer (Rogerio Casas-Alatriste) 30/11/2010 E64   ND1471 .L38 1914 (E64) 5679 22/03/2019 22/03/2019 Libros